[Event "Portoroz op 12th"]
[Site "Portoroz"]
[Date "2018.07.20"]
[Round "8"]
[White "Neuwirth, Gernot"]
[Black "Marchesich, Giovanni"]
[Result "1/2-1/2"]
[WhiteElo "1814"]
[BlackElo "2059"]
[PlyCount "137"]
[EventDate "2018.07.14"]
[EventType "swiss"]
[EventRounds "9"]
[EventCountry "SLO"]
[SourceTitle "EXT 2019"]
[Source "ChessBase"]
[SourceDate "2018.10.10"]
[SourceVersion "1"]
[SourceVersionDate "2018.10.10"]
[SourceQuality "1"]

1. e4 e5 2. Nf3 Nc6 3. d4 exd4 4. Nxd4 Bc5 5. Be3 Qf6 6. Nb5 Bxe3 7. fxe3 Qh4+ 8. g3 Qd8 9. Qg4 g6 10. Qf4 d6 11. N1c3 a6 12. Nd4 Ne5 13. Be2 h5 14. 0-0-0 Bh3 15. Nf3 Nxf3 16. Qxf3 Bg4 17. Qf2 Qf6 18. Rhf1 Qxf2 19. Rxf2 Be6 20. Nd5 Bxd5 21. exd5 Nh6 22. Rf4 0-0 23. g4 hxg4 24. Bxg4 Nxg4 25. Rxg4 Rae8 26. h4 Re5 27. Rc4 Re7 28. Rg4 Kh7 29. e4 Re5 30. Rf1 Kg7 31. Rf5 Rxe4 32. Rxf7+ Rxf7 33. Rxe4 Kh6 34. c4 Kh5 35. Kc2 b5 36. cxb5 axb5 37. a4 Rf5 38. a5 Rxd5 39. a6 b4 40. Rc4 Ra5 41. Rxc7 Rxa6 42. Rh7+ Kg4 43. Rh6 d5 44. Kd3 Rf6 45. Kd4 Rf2 46. b3 Kf5 47. Kxd5 Kf6 48. Rh8 Rf5+ 49. Kd6 Kg7 50. Rc8 Rf3 51. Kd5 Rxb3 52. Rb8 Rb1 53. Kc5 Rc1+ 54. Kd4 Rh1 55. Rxb4 Rxh4+ 56. Kc5 Rxb4 57. Kxb4 Kf6 58. Kc4 Ke5 59. Kd3 Kf4 60. Ke2 Kg3 61. Kf1 Kh2 62. Kf2 g5 63. Kf3 Kh3 64. Kf2 g4 65. Kg1 g3 66. Kh1 Kg4 67. Kg2 Kf4 68. Kg1 Kf3 69. Kf1 1/2-1/2

[Event "Neumarkt am Wallersee op 15th"]
[Site "Neumarkt am Wallersee"]
[Date "2016.08.27"]
[Round "8"]
[White "Neuwirth, Gernot"]
[Black "Pruell, Lukas"]
[Result "0-1"]
[WhiteElo "1765"]
[BlackElo "1945"]
[PlyCount "46"]
[EventDate "2016.08.20"]
[EventType "swiss"]
[EventRounds "9"]
[EventCountry "AUT"]
[SourceTitle "CBM 174 Extra"]
[Source "ChessBase"]
[SourceDate "2016.10.10"]
[SourceVersion "1"]
[SourceVersionDate "2016.10.10"]
[SourceQuality "1"]

1. e4 e5 2. Nf3 Nf6 3. Nxe5 d6 4. Nf3 Nxe4 5. Nc3 Nf6 6. d4 d5 7. Bf4 c6 8. Bd3 Be7 9. 0-0 0-0 10. Re1 Bg4 11. h3 Bh5 12. Bf5 Bg6 13. Bxg6 hxg6 14. Bg5 Nbd7 15. Qd2 Nb6 16. Rad1 Nc4 17. Qc1 Bb4 18. Ne5 Bxc3 19. bxc3 Nd6 20. Qf4 Nde4 21. Rxe4 dxe4 22. Ng4 Nh5 23. Qxe4 Qxg5 0-1

[Event "Neumarkt am Wallersee op 15th"]
[Site "Neumarkt am Wallersee"]
[Date "2016.08.21"]
[Round "2"]
[White "Neuwirth, Gernot"]
[Black "Heigerer, Stefan"]
[Result "0-1"]
[WhiteElo "1765"]
[BlackElo "2037"]
[PlyCount "60"]
[EventDate "2016.08.20"]
[EventType "swiss"]
[EventRounds "9"]
[EventCountry "AUT"]
[SourceTitle "CBM 174 Extra"]
[Source "ChessBase"]
[SourceDate "2016.10.10"]
[SourceVersion "1"]
[SourceVersionDate "2016.10.10"]
[SourceQuality "1"]

1. e4 c5 2. Nf3 d6 3. d4 cxd4 4. Nxd4 Nf6 5. Nc3 a6 6. f4 Nc6 7. Be2 Qc7 8. Nb3 e6 9. Be3 b5 10. a3 Bb7 11. Bf3 Be7 12. 0-0 Rc8 13. Qe2 0-0 14. Qf2 Nd7 15. Rad1 Bf6 16. Qd2 Nb6 17. Bxb6 Qxb6+ 18. Kh1 Rfd8 19. Qe1 a5 20. e5 dxe5 21. Rxd8+ Rxd8 22. fxe5 Bxe5 23. Bxc6 Qxc6 24. Qf2 f6 25. Nxa5 Qc7 26. Nxb7 Qxb7 27. Qc5 Rd2 28. Rg1 Bd4 29. Qd6 Kf7 30. Nxb5 Qxg2+ 0-1

[Event "Prague Summer op-B 2nd"]
[Site "Prague"]
[Date "2015.08.08"]
[Round "2"]
[White "Marinc, Damir"]
[Black "Neuwirth, Gernot"]
[Result "1-0"]
[WhiteElo "2016"]
[BlackElo "1764"]
[PlyCount "83"]
[EventDate "2015.08.07"]
[EventType "swiss"]
[EventRounds "9"]
[EventCountry "CZE"]
[SourceTitle "EXT 2017"]
[Source "ChessBase"]
[SourceDate "2016.10.25"]
[SourceVersion "1"]
[SourceVersionDate "2016.10.25"]
[SourceQuality "1"]

1. c4 Nf6 2. g3 g6 3. Bg2 Bg7 4. Nc3 0-0 5. d4 d6 6. Nf3 c5 7. d5 a6 8. a4 Bf5 9. Nh4 Bg4 10. h3 Bd7 11. 0-0 Qc8 12. Kh2 e5 13. e4 Nh5 14. Bg5 f6 15. Bd2 Rf7 16. Ne2 Bf8 17. Ng1 Ng7 18. f4 exf4 19. gxf4 Qd8 20. Nhf3 a5 21. Bc3 Bc8 22. Qd2 Nd7 23. Rae1 Re7 24. Qf2 Qe8 25. Nd2 Nh5 26. Ne2 Bg7 27. Bf3 Kh8 28. Qh4 Qf7 29. Bxh5 gxh5 30. Ng3 Nf8 31. Nxh5 Ng6 32. Qg3 Bd7 33. e5 dxe5 34. fxe5 Nxe5 35. Rxe5 Rxe5 36. Qxe5 Re8 37. Rxf6 Bxf6 38. Qxf6+ Qxf6 39. Nxf6 Re2+ 40. Kg1 Bxa4 41. d6 Re6 42. d7 1-0

[Event "Neumarkt am Wallersee op 11th"]
[Site "Neumarkt am Wallersee"]
[Date "2012.08.26"]
[Round "1"]
[White "Mathe, Gaspar"]
[Black "Neuwirth, Gernot"]
[Result "1-0"]
[WhiteElo "2330"]
[BlackElo "1801"]
[PlyCount "81"]
[EventDate "2012.08.26"]
[EventType "swiss"]
[EventRounds "9"]
[EventCountry "AUT"]
[SourceTitle "EXT 2013"]
[Source "ChessBase"]
[SourceDate "2012.11.22"]
[SourceVersion "1"]
[SourceVersionDate "2012.11.22"]
[SourceQuality "1"]

1. e4 c5 2. Nf3 d6 3. Bc4 e6 4. Qe2 Nc6 5. c3 Nf6 6. Bb3 Be7 7. d4 0-0 8. dxc5 dxc5 9. e5 Nd5 10. Bc2 a6 11. h4 b5 12. Bxh7+ Kxh7 13. Ng5+ Kg8 14. Qh5 Nf6 15. exf6 Qd3 16. fxe7 Nxe7 17. Rh3 Qc2 18. Na3 Qg6 19. Qxg6 Nxg6 20. h5 Ne7 21. Be3 Rd8 22. Bxc5 Nf5 23. Rd1 Bb7 24. Rhd3 Rxd3 25. Rxd3 f6 26. Nxe6 Re8 27. Rd8 Rxd8 28. Nxd8 Bxg2 29. Nc2 Bf3 30. Nb4 a5 31. Nbc6 a4 32. Na7 Bxh5 33. Nxb5 g5 34. b3 axb3 35. axb3 Be8 36. Nd6 Nxd6 37. Bxd6 Kg7 38. c4 Kg6 39. b4 Ba4 40. b5 Bb3 41. b6 1-0